Fúzia ako forma zrušenia obchodných spoločností bez likvidácie
Definícia fúzie spoločností a jej motívy. Formy fúzií na Slovensku. Administratívny manažment fúzií v SR. Právna forma zlučovaných spoločností. Zmluva o zlúčení. Daňové aspekty fúzií na Slovensku.
Salvato in:
| Autore principale: | |
|---|---|
| Natura: | Capitolo di libro |
| Lingua: | slovacco |
| Soggetti: | |
| Tags: |
Nessun Tag, puoi essere il primo ad aggiungerne!!
|
MARC
| LEADER | 00000naa$a2200000$$$4500 | ||
|---|---|---|---|
| 001 | 0209412 | ||
| 005 | 20240502073459.3 | ||
| 041 | 0 | |a slo | |
| 044 | |a SK | ||
| 245 | 1 | 0 | |a Fúzia ako forma zrušenia obchodných spoločností bez likvidácie |c Andrej Kovalev |
| 520 | |a Definícia fúzie spoločností a jej motívy. Formy fúzií na Slovensku. Administratívny manažment fúzií v SR. Právna forma zlučovaných spoločností. Zmluva o zlúčení. Daňové aspekty fúzií na Slovensku. | ||
| 610 | 2 | 0 | |a podnik |
| 610 | 2 | 0 | |a spoločnosti obchodné |
| 610 | 2 | 0 | |a fúzie |
| 610 | 2 | 0 | |a zlučovanie podnikov |
| 610 | 2 | 0 | |a zrušenie podniku |
| 610 | 2 | 0 | |a likvidácia |
| 610 | 2 | 0 | |a dane |
| 610 | 2 | 0 | |a priznania daňové |
| 100 | 1 | |a Kovalev, Andrej | |